| 000 | 01474nam a2200229 a 4500 | ||
|---|---|---|---|
| 001 | 000022294 | ||
| 005 | 20200930011654.0 | ||
| 008 | 100922t1951 dr c 001 0dspa d | ||
| 040 |
_aDO-SdBNP _bspa _cBNPHU |
||
| 082 |
_a972.93 _bT266a |
||
| 100 | 1 |
_aTejera, Emiliano, _d1841-1923 _924003 |
|
| 245 | 1 | 0 |
_aAntología / _cEmiliano Tejera ; selección, prólogo y notas de Manuel Arturo Peña Batlle. |
| 260 |
_aCiudad Trujillo, República Dominicana : _bLibrería Dominicana, _c1951. |
||
| 300 |
_a219 p. : _bretr. ; _c18 cm. |
||
| 490 | 1 | _aPensamiento | |
| 500 | _aIncluye bibliografía y notas al pie de páginas. | ||
| 505 | 0 |
_gEmiliano Tejera / _rManuel Arturo Peña Batlle -- _tUn fraude improbable -- _tMonumento a Duarte -- _tGobernadores de la Isla de Santo Domingo -- _tEl artículo 4to del Tratado de 1874 -- _tFragmento de la memoria que al ciudadano Presidente de la República, General Ramón Cáceres, presenta el ciudadano Ministro de Relaciones Exteriores Lic. Emiliano Tejera, 1907 -- _tFragmento de la memoria que al ciudadano Presidente de la República, General Ramón Cáceres, presenta el ciudadano Ministro de Relaciones Exteriores Lic. Emiliano Tejera, 1908 -- _tUna carta en defensa del Seminario Conciliar -- _tUna carta sobre crianza libre en Santo Domingo. |
|
| 651 | 4 |
_aRepública Dominicana _xHistoria _y1844-1930 _xCorrespondencia, Memorias, Etc. _946053 |
|
| 830 | 0 |
_aPensamiento _99245 |
|
| 910 | _aValidado. Control de calidad EMS. | ||
| 049 | _aBNPD | ||
| 999 |
_c21792 _d21792 |
||